02125nam a2200265uu 4500001000800000005001700008007001000025008004100035035001200076040001300088041000800101080000800109100003900117245011400156260004300270300001700313520134700330650002601677650003401703650001501737700004701752700004001799502001201839526000801851138873020260508085655.0cr|||||||141018s2014 spa  a1388730 ccomduadb aspa aPCI10aValencia Gallego, Susana4auteaut10aSimulación y actualización del modelo hidráulico de la red primaria del acueducto del Valle de Aburrá aMedellín :b[sin publicador],c2014. a94 páginas3 aEl área de operación y acueducto de Empresas Públicas de Medellín requiere un modelo hidráulico de sistemas de red primaria del acueducto del Valle de Aburrá, como ayuda para definir soluciones óptimas a cualquier problema que se pueda presentar en su operación y mantenimiento. El sistema está compuesto principalmente por 38 estaciones de bombeo, 267 km de red de conducción, 110 tanques de almacenamiento y 10 plantas de tratamiento. En este informe se explica e ilustra los procedimientos realizados para la creación y calibración de este modelo hidráulico. La creación de un modelo hidráulico inicia con la recopilación de la información, que básicamente se divide en: la topología, condiciones iniciales y las demandas exigidas por la población al sistema. La calibración se basó en los parámetros físicos de las válvulas; el coeficiente de descarga y el comportamiento de la válvula según el porcentaje de cierre versus el coeficiente de descarga. Los resultados de esta calibración son la comparación de los niveles de los tanques simulados con los niveles medidos en campo, para cada hora del periodo de 48 horas elegido para la calibración, este se eligió representando los cambios significativos que se puede presentar en cualquier circuito en una semana en el sistema. aModelos hidráulicos aValle de Aburrá (Antioquia) aAcueductos10aCañón Barriga, Julio Eduardo4thseths10aZuluaga López, Julián4thseths b170c17 a172